Multinational business finance. (11th ed.) (Record no. 51781)

MARC details
000 -LEADER
fixed length control field 01011nam a2200265 a 4500
001 - CONTROL NUMBER
control field 14441920
008 - FIXED-LENGTH DATA ELEMENTS--GENERAL INFORMATION
fixed length control field 120419s2007 ||||||||||||||||| || u
010 ## - LIBRARY OF CONGRESS CONTROL NUMBER
LC control number 2006278968
020 ## - INTERNATIONAL STANDARD BOOK NUMBER
International Standard Book Number 9780321357960
020 ## - INTERNATIONAL STANDARD BOOK NUMBER
International Standard Book Number 0321357965
050 ## - LIBRARY OF CONGRESS CALL NUMBER
Classification number HG 4027.5 Eit
100 ## - MAIN ENTRY--PERSONAL NAME
Personal name Stonehill, Arthur I
245 10 - TITLE STATEMENT
Title Multinational business finance. (11th ed.)
Statement of responsibility, etc. by David K. Eiteman; Arthur I. Stonehill; Micheal H. Moffett
250 ## - EDITION STATEMENT
Edition statement 11th ed.
260 ## - PUBLICATION, DISTRIBUTION, ETC.
Place of publication, distribution, etc. Boston, MA:
Name of publisher, distributor, etc. Pearson
Date of publication, distribution, etc. 2007
300 ## - PHYSICAL DESCRIPTION
Extent xxi, 746, 72 p.: ill.
350 ## - PRICE (NR) (BK AM CF MU VM SE) [OBSOLETE]
Price 0.00
490 ## - SERIES STATEMENT
Series statement The Addison-Wesley series in finance
500 ## - GENERAL NOTE
General note Includes bibliographical references and indexes.
650 ## - SUBJECT ADDED ENTRY--TOPICAL TERM
Topical term or geographic name entry element INTERNATIONAL BUSINESS ENTERPRISES--FINANCE
700 ## - ADDED ENTRY--PERSONAL NAME
Personal name Moffett, Michael H
700 ## - ADDED ENTRY--PERSONAL NAME
Personal name Eiteman, David K
856 ## - ELECTRONIC LOCATION AND ACCESS
Uniform Resource Identifier <a href="http://www.loc.gov/catdir/toc/fy0612/2006278968.html">http://www.loc.gov/catdir/toc/fy0612/2006278968.html</a>
995 ## - RECOMMENDATION 995 [LOCAL, UNIMARC FRANCE]
-- CBU-MAIN LIBRARY (Kitwe)
-- 0.00
-- 1
-- AVAILABLE
-- Apr 19, 2012
-- Main Library Open Access Collection
Holdings
Withdrawn status Lost status Source of classification or shelving scheme Damaged status Not for loan Home library Current library Shelving location Date acquired Total Checkouts Full call number Barcode Date last seen Price effective from Koha item type
          CBU-MAIN LIBRARY, KITWE. CBU-MAIN LIBRARY, KITWE.   11/30/2022   HG 4027.5 Eit 742889 11/30/2022 11/30/2022 MONOGRAPH